000 00308nam a22001337a 4500
008 170511b xxu||||| |||| 00| 0 eng d
020 _a9780471842699
041 _aeng
080 _22ND
_a34
100 _a15
101 _aSHJ
245 _aCOUNSELING THE CULTURALLY DIFFERENT
_cSUE, D.W
942 _2udc
_cBK
999 _c13262
_d13262